التأمين الإلزامي من حوادث المركبات : (رقم التسجيلة. 27453)
[ عرض عادي ]
| 000 -الفاتح | |
|---|---|
| حقل البيانات ثابتة الطول | 01012nam a22002297a 4500 |
| 003 - محدد رقم الضبط | |
| رقم الضبط | OSt |
| 005 - وقت وتاريخ اخر تعامل مع التسجيلة | |
| رقم الضبط | 20150408114114.0 |
| 008 - عناصر البيانات ثابتة الطول - معلومات عامة | |
| حقل البيانات ثابتة الطول | 130203s 2011jo ||||fr|||| 00| 0 ara d |
| 020 ## - الرقم الدولى المعيارى للكتب | |
| الرقم الدولى المعيارى للكتاب | 9789957332570 |
| 040 ## - مصدر الفهرسة | |
| وكالة الفهرسة الأصلية | Ma-un |
| 082 ## - رقم تصنيف ديوى العشرى | |
| رقم الطبعة | 21 |
| رقم التصنيف | 344.568022 |
| رقم المادة | ط م ت |
| 100 ## - المدخل الرئيسى - إسم شخصى | |
| الإسم الشخصى | الطراونة، مراد علي |
| 9 (RLIN) | 20498 |
| 245 ## - بيان العنوان | |
| العنوان | التأمين الإلزامي من حوادث المركبات : |
| بقية العنوان | دراسة مقارنة وفقا لأحدث التعديلات / |
| بيان المسئوليه,etc | مراد علي الطراونة. |
| 250 ## - بيان الطبعة | |
| بيان الطبعة | ط.1. |
| 260 ## - PUBLICATION, DISTRIBUTION, ETC. (IMPRINT) | |
| مكان الناشر او الموزع | عمان، الأردن |
| اسم الناشر او الموزع | مؤسسة الوراق للنشر والتوزيع، |
| تاريخ النشر أو التوزيع | 2011 - [1432] |
| 300 ## - الوصف المادى | |
| التعداد | 456 ص. ؛ |
| أبعاد الوعاء | 24 سم. |
| 504 ## - تبصرة ببليوجرافية | |
| تبصرة ببليوجرافية,الخ | بيبليوجرافية : ص. 443-456 |
| 650 ## - المدخل الاضافى بالموضوع-مصطلح موضوعى | |
| مصطلح موضوعي أو اسم جغرافي كعنصر مدخل | التأمين على السيارات |
| التقسيم الفرعي العام | قوانين وتشريعات |
| التقسيم الفرعي الجغرافي | الأردن |
| 9 (RLIN) | 20499 |
| 650 ## - المدخل الاضافى بالموضوع-مصطلح موضوعى | |
| مصطلح موضوعي أو اسم جغرافي كعنصر مدخل | التأمين ضد الحوادث |
| التقسيم الفرعي العام | قوانين وتشريعات |
| التقسيم الفرعي الجغرافي | الأردن |
| 9 (RLIN) | 20500 |
| 650 ## - المدخل الاضافى بالموضوع-مصطلح موضوعى | |
| مصطلح موضوعي أو اسم جغرافي كعنصر مدخل | التأمين على السيارات |
| 9 (RLIN) | 20501 |
| 942 ## - عناصر المدخل الإضافي( كوها) | |
| مصدر التصنيف او مخطط الترفيف | Dewey Decimal Classification |
| Koha [default] item type | كتاب |
| حالة الفقد | نموذج السعر الفعال | حالة تلف | ليس للاعارة | رقم الطلب | رقم النسخة | تاريخ الاكتساب | الموقع الحالي | الباركود | الفرع الرئيسي | Date last seen | نوع المادة فى نظام كوها | مصدر التصنيف او خطة الترفيف | Total Checkouts |
|---|---|---|---|---|---|---|---|---|---|---|---|---|---|
| 2013-03-10 | Not For Loan | 344.568022 ط م ت | 1 | 2013-02-03 | المكتبة المركزية بالمجمعة (CL) | 00303297 | المكتبة المركزية بالمجمعة (CL) | 2013-03-10 | كتاب | Dewey Decimal Classification | |||
| 2013-03-10 | 344.568022 ط م ت | 2 | 2013-02-03 | المكتبة المركزية بالمجمعة (CL) | 00303298 | المكتبة المركزية بالمجمعة (CL) | 2013-03-10 | كتاب | Dewey Decimal Classification | ||||
| 2013-03-10 | 344.568022 ط م ت | 3 | 2013-02-03 | المكتبة المركزية بالمجمعة (CL) | 00303299 | المكتبة المركزية بالمجمعة (CL) | 2013-03-10 | كتاب | Dewey Decimal Classification | ||||
| 2013-03-10 | Not For Loan | 344.568022 ط م ت | 1 | 2013-02-03 | مكتبة كلية التربية بالزلفى - طالبات (EZF) | 00303300 | مكتبة كلية التربية بالزلفى - طالبات (EZF) | 2013-03-10 | كتاب | Dewey Decimal Classification | |||
| 2013-03-10 | 344.568022 ط م ت | 2 | 2013-02-03 | مكتبة كلية التربية بالزلفى - طالبات (EZF) | 00303301 | مكتبة كلية التربية بالزلفى - طالبات (EZF) | 2013-03-10 | كتاب | Dewey Decimal Classification | ||||
| 2013-03-10 | Not For Loan | 344.568022 ط م ت | 1 | 2013-02-03 | مكتبة كلية العلوم و الدراسات الإنسانية برماح - طالبات (SRF) | 00303302 | مكتبة كلية العلوم و الدراسات الإنسانية برماح - طالبات (SRF) | 2013-03-10 | كتاب | Dewey Decimal Classification | |||
| 2013-03-10 | 344.568022 ط م ت | 2 | 2013-02-03 | مكتبة كلية العلوم و الدراسات الإنسانية برماح - طالبات (SRF) | 00303303 | مكتبة كلية العلوم و الدراسات الإنسانية برماح - طالبات (SRF) | 2013-03-10 | كتاب | Dewey Decimal Classification | ||||
| 2013-03-10 | Not For Loan | 344.568022 ط م ت | 1 | 2013-02-03 | مكتبة كلية العلوم و الدراسات الإنسانية برماح - طالبات (SRF) | 00303304 | مكتبة كلية العلوم و الدراسات الإنسانية برماح - طالبات (SRF) | 2013-03-10 | كتاب | Dewey Decimal Classification | |||
| 2013-03-10 | 344.568022 ط م ت | 2 | 2013-02-03 | مكتبة كلية العلوم و الدراسات الإنسانية برماح - طلاب (SRM) | 00303305 | مكتبة كلية العلوم و الدراسات الإنسانية برماح - طلاب (SRM) | 2013-03-10 | كتاب | Dewey Decimal Classification |
